[Event "17th Izmir Open 2018"]
[Site "Izmir"]
[Date "2018.09.13"]
[Round "9.10"]
[White "Yesillik, Tugay"]
[Black "Degirmenci, Yagiz"]
[Result "0-1"]
[WhiteElo "1486"]
[BlackElo "1852"]
[Annotator "NA"]
[PlyCount "64"]
[EventDate "2018.09.09"]
[EventType "swiss"]
[EventCountry "TUR"]
[SourceTitle "playchess.com"]
[Source "ChessBase"]
[SourceQuality "1"]
[TimeControl "5400+30"]

1. e4 {[%emt 0:00:30]} g6 {[%emt 0:01:30]} 2. d4 {[%emt 0:00:30]} Bg7 {[%emt 0:00:00]} 3. Nf3 {[%emt 0:01:30]} d6 {[%emt 0:00:00]} 4. Be3 {[%emt 0:05:30]} c6 {[%emt 0:00:30]} 5. c4 {[%emt 0:02:30]} Nd7 {[%emt 0:01:30]} 6. Nc3 {[%emt 0:01:30]} Qc7 {[%emt 0:00:30]} 7. Be2 {[%emt 0:01:30]} Ngf6 {[%emt 0:00:30]} 8. h3 {[%emt 0:02:30]} O-O {[%emt 0:02:30]} 9. O-O {[%emt 0:00:30]} e5 {[%emt 0:00:00]} 10. d5 {[%emt 0:00:00]} c5 {[%emt 0:00:00]} 11. a4 {[%emt 0:00:00]} Ne8 {[%emt 0:10:30]} 12. a5 {[%emt 0:22:30]} f5 {[%emt 0:01:30]} 13. Qc2 {[%emt 0:09:30]} f4 {[%emt 0:02:30]} 14. Bd2 {[%emt 0:00:30]} Ndf6 {[%emt 0:01:30]} 15. b4 {[%emt 0:00:30]} cxb4 {[%emt 0:02:30]} 16. Nb5 {[%emt 0:02:30]} Qe7 {[%emt 0:00:00]} 17. Bxb4 {[%emt 0:01:30]} Nxe4 {[%emt 0:00:00]} 18. Rab1 {[%emt 0:07:30]} Nc5 {[%emt 0:05:30]} 19. Bxc5 {[%emt 0:02:30]} dxc5 {[%emt 0:00:30]} 20. Nd2 {[%emt 0:00:30]} Bf5 {[%emt 0:18:30]} 21. Bd3 {[%emt 0:00:30]} b6 {[%emt 0:12:30]} 22. axb6 {[%emt 0:04:30]} axb6 {[%emt 0:00:00]} 23. Nc3 {[%emt 0:01:30]} Rb8 {[%emt 0:00:00]} 24. Nde4 {[%emt 0:01:30]} f3 {[%emt 0:00:30]} 25. g3 {[%emt 0:04:30]} Bxh3 {[%emt 0:00:30]} 26. Rfd1 {[%emt 0:00:30]} Qd7 {[%emt 0:06:30]} 27. Nxc5 {[%emt 0:06:30]} Qg4 {[%emt 0:02:30]} 28. N5e4 {[%emt 0:00:40]} Qh5 {[%emt 0:01:30]} 29. Nc5 {[%emt 0:00:30]} bxc5 {[%emt 0:00:30]} 30. Rxb8 {[%emt 0:00:30]} Bg2 {[%emt 0:00:30]} 31. Bf5 {[%emt 0:00:30]} Rxf5 {[%emt 0:00:30]} 32. g4 {[%emt 0:00:30]} Bh3 {[%emt 0:00:30]} 0-1

[Event "17th Izmir Open 2018"]
[Site "Izmir"]
[Date "2018.09.13"]
[Round "9.10"]
[White "Yesillik, Tugay"]
[Black "Degirmenci, Yagiz"]
[Result "1-0"]
[WhiteElo "1486"]
[BlackElo "1852"]
[Annotator "NA"]
[PlyCount "60"]
[EventDate "2018.09.09"]
[EventType "swiss"]
[EventCountry "TUR"]
[SourceTitle "playchess.com"]
[Source "ChessBase"]
[SourceQuality "1"]
[TimeControl "5400+30"]

1. e4 {[%emt 0:00:30]} g6 {[%emt 0:01:30]} 2. d4 {[%emt 0:00:30]} Bg7 {[%emt 0:00:00]} 3. Nf3 {[%emt 0:01:30]} d6 {[%emt 0:00:00]} 4. Be3 {[%emt 0:05:30]} c6 {[%emt 0:00:30]} 5. c4 {[%emt 0:02:30]} Nd7 {[%emt 0:01:30]} 6. Nc3 {[%emt 0:01:30]} Qc7 {[%emt 0:00:30]} 7. Be2 {[%emt 0:01:30]} Ngf6 {[%emt 0:00:30]} 8. h3 {[%emt 0:02:30]} O-O {[%emt 0:02:30]} 9. O-O {[%emt 0:00:30]} e5 {[%emt 0:00:00]} 10. d5 {[%emt 0:00:00]} c5 {[%emt 0:00:00]} 11. a4 {[%emt 0:00:00]} Ne8 {[%emt 0:10:30]} 12. a5 {[%emt 0:22:30]} f5 {[%emt 0:01:30]} 13. Qc2 {[%emt 0:09:30]} f4 {[%emt 0:02:30]} 14. Bd2 {[%emt 0:00:30]} Ndf6 {[%emt 0:01:30]} 15. b4 {[%emt 0:00:30]} cxb4 {[%emt 0:02:30]} 16. Nb5 {[%emt 0:02:30]} Qe7 {[%emt 0:00:00]} 17. Bxb4 {[%emt 0:01:30]} Nxe4 {[%emt 0:00:00]} 18. Rab1 {[%emt 0:07:30]} Nc5 {[%emt 0:05:30]} 19. Bxc5 {[%emt 0:02:30]} dxc5 {[%emt 0:00:30]} 20. Nd2 {[%emt 0:00:30]} Bf5 {[%emt 0:18:30]} 21. Bd3 {[%emt 0:00:30]} b6 {[%emt 0:12:30]} 22. axb6 {[%emt 0:04:30]} axb6 {[%emt 0:00:00]} 23. Nc3 {[%emt 0:01:30]} Rb8 {[%emt 0:01:00]} 24. Nde4 {[%emt 0:00:30]} f3 {[%emt 0:00:30]} 25. g3 {[%emt 0:00:30]} Bxh3 {[%emt 0:00:30]} 26. Rfd1 {[%emt 0:00:30]} Qd7 {[%emt 0:00:30]} 27. Nxc5 {[%emt 0:00:30]} bxc5 {[%emt 0:00:30]} 28. Rxb8 {[%emt 0:00:30]} Bg2 {[%emt 0:00:30]} 29. Bf5 {[%emt 0:00:30]} Rxf5 {[%emt 0:00:30]} 30. g4 {[%emt 0:00:30]} Qe7 {[%emt 0:00:30]} 1-0